000 02582nam0a2200337 4500
001 RU\NLR\BIBL_A\022102315
005 20240125134641.0
010 _a978-5-9929-1280-7
_9300
021 _aRU
_bКН-П-23-072180
_9КН-П-23-7303
035 _a(NLR Aleph) 022102315
035 _a(RuMoRGB)012350343
090 _a12750438
_c12750438
100 _a20231225d2023 u y0rusy50 ca
101 0 _arus
102 _aRU
105 _aa|||j|||000yy
181 0 _ai
_baxxe
182 0 _an
200 1 _aПублично-правовое регулирование закупок товаров, работ, услуг для обеспечения государственных и муниципальных нужд
_eучебное пособие
_eдля бакалавриата, магистратуры направления подготовки "Юриспруденция", слушателей образовательных программ дополнительного профессионального образования
_fТ. А. Гусева
_gМинистерство науки и высшего образования Российской Федерации, Федеральное государственное бюджетное образовательное учреждение высшего образования "Орловский государственный университет имени И. С. Тургенева"
203 _aТекст
_bвизуальный
_cнепосредственный
210 _aОрёл
_cОГУ имени И. С. Тургенева
_d2023
215 _a188 с.
_cтабл.
_d21
320 _aБиблиогр.: с. 187-188 (14 назв.) и в подстроч. примеч.
606 1 _aГосударственные закупки
_jУчебные издания для высших учебных заведений
_xПравовое регулирование
_yРоссийская Федерация
_92182538
_3RU\NLR\AUTH\661312389
606 1 _aМуниципальные закупки
_jУчебные издания для высших учебных заведений
_xПравовое регулирование
_yРоссийская Федерация
_92470839
_3RU\NLR\AUTH\661467510
686 1 _aХ621.140.4я73
700 1 _7ca
_8rus
_aГусева
_bТ. А.
_cд-р юрид. наук
_gТатьяна Алексеевна
_917536
_3RU\NLR\AUTH\7734533
942 _cBOOK
980 _aNB